000
00337 a2200169 4500
001
180684
020
_a
85-262-1926-X
040
_c
Magnum
100
_a
Sabino, Eliana
240
1
0
_a
Kim
_l
por
245
1
0
_a
Kim
300
_a
128
362
0
_a
1992
440
1
_a
Scipione
697
_a
LITERATURA JUVENIL ESTRANGEIRA
942
_c
BK
999
_c
180684
_d
180684